000 00844namaa2200277 a 4500
001 vtls001305129
003 NLI
005 20210627043913.0
008 120418s1980 dcu i000 0 eng
039 9 _y201204181936
_zVLOAD
040 0 _aNLI
_cVTLS-2012_FOD
_eAACR2
041 0 _aeng
044 _adcu
082 0 4 _a331.252
110 1 _aUnited States.
_bDepartment of Health, Education, and Welfare
_9703319
245 1 0 _aMultiemployer pension plan amendments act of 1980
260 _aWashington, D.C. :
_bUnited States Department of Health, Education, and Welfare,
_c1980
300 _aVarious pagings ;
_c30 cm.
500 _aCover title
650 0 _aPension reform
_9725686
650 0 _aRetirement income
_9725687
887 _a
901 _aAD 136097
_b22.10.2010
902 _aU.S 331.252 Un 3 m
942 _2ddc
_cBKS
999 _c596358
_d596358